| 000 | 00471nam a2200133Ia 4500 | ||
|---|---|---|---|
| 008 | 170516s9999 xx 000 0 und d | ||
| 245 | _aOptimization of Early Response Monitoring and Prediction of Cancer Antiangiogenesis Therapy via Noninvasive PET Molecular Imaging Strategies of Multifactorial Bioparameters | ||
| 260 | _bTheranostics | ||
| 260 | _c2016 | ||
| 300 | _a6:12 | ||
| 650 | _xMedical Technology | ||
| 650 | _xMedtech | ||
| 856 | _uhttp://www.thno.org/v6i12 | ||
| 999 |
_c330588 _d330588 |
||